000
00241nam a22001097a 4500
082
_a
923.5 AHM'C
100
_a
MUHAMMAD AHMED. COLONEL
_9
57586
245
_a
MY CHIEF
260
_a
LAHORE
_b
LONMANS GREEN
_c
1960
300
_a
111P
942
_c
BK
999
_c
567857
_d
567857